Forbidden history: the state, society and the regulation of sexuality in modern Europe. Essays from the journal of the History of Sexuality (Record no. 500469)

MARC details
000 -LEADER
fixed length control field 00869nam a2200229Ia 4500
003 - CONTROL NUMBER IDENTIFIER
control field OSt
005 - DATE AND TIME OF LATEST TRANSACTION
control field 20260105122841.0
008 - FIXED-LENGTH DATA ELEMENTS--GENERAL INFORMATION
fixed length control field 220923b |||||||| |||| 00| 0 eng d
020 ## - INTERNATIONAL STANDARD BOOK NUMBER
International Standard Book Number 0226257835
037 ## - SOURCE OF ACQUISITION
Terms of availability General Book
040 ## - CATALOGING SOURCE
Original cataloging agency RTL
Transcribing agency RTL
Language of cataloging eng
041 ## - LANGUAGE CODE
Source of code eng
Language code of text/sound track or separate title eng
084 ## - COLON CLASSIFICATION NUMBER
Classification number Y:3(S5).5, N2
Assigning agency RTL
245 #0 - TITLE STATEMENT
Title Forbidden history: the state, society and the regulation of sexuality in modern Europe. Essays from the journal of the History of Sexuality
260 ## - PUBLICATION, DISTRIBUTION, ETC.
Place of publication, distribution, etc. Chicago
Name of publisher, distributor, etc. University Chicago Press
Date of publication, distribution, etc. 1992
300 ## - PHYSICAL DESCRIPTION
Extent viii, 401 p.
Other physical details Includes bibliographical references and index.
650 ## - SUBJECT ADDED ENTRY--TOPICAL TERM
Topical term or geographic name entry element European Studies Programme
9 (RLIN) 233384
650 ## - SUBJECT ADDED ENTRY--TOPICAL TERM
Topical term or geographic name entry element Sociology
9 (RLIN) 861824
700 ## - ADDED ENTRY--PERSONAL NAME
Personal name Fout John C.
Relator term Editor
9 (RLIN) 861825
942 ## - ADDED ENTRY ELEMENTS (KOHA)
Classification part Y:3(S5).5, N2
Koha item type General Books
Source of classification or shelving scheme Colon Classification (CC)
Suppress in OPAC No
Holdings
Withdrawn status Lost status Source of classification or shelving scheme Damaged status Not for loan Home library Current library Date acquired Source of acquisition Cost, normal purchase price Total Checkouts Full call number Barcode Date last seen Cost, replacement price Price effective from Koha item type
    Colon Classification (CC)     Ratan Tata Library Ratan Tata Library 2022-09-25 30909, 24/12/2010, Segment Book Distrobutors 1000.85   Y:3(S5).5, N2 RT1475050 2022-09-25 1000.85 2022-09-25 General Books
Copyright @ Delhi University Library System